Obálka Náhled e-knihy:
Epub
Pro půjčování e-knih musíte být přihlášeni.
Jak si půjčit online?

Povídky malostranské – pokračování /

Povídky malostranské – pokračování přinášejí novou sbírku současných příběhů zasazených do živého prostředí Malé Strany. V atmosféře starých domů, úzkých uliček a tichých dvorků se odehrávají lidské osudy, které jsou stejně křehké, silné i nečekané jako samotné město. Autor Pavel Kostka – PPKPP nava...

Celý popis

Uloženo v:
Hlavní autor: Kostka, Pavel (Autor)
Médium: E-kniha
Jazyk:Czech
Vydáno: Praha : PPKPP, 2026
Tagy:
Žádné tagy
LEADER 01966nam a22002297i 4500
001 305192
007 ta
008 260601s2026 xr ||||| |||| 00| 0 cze d
020 |a 9990004275058 
044 |a xr 
100 1 |a  Kostka, Pavel  |4 aut 
245 1 0 |a Povídky malostranské – pokračování /  |c  Kostka, Pavel 
264 1 |a Praha :  |b PPKPP,  |c 2026 
300 |a 1 online zdroj (136 stran) 
336 |a text  |b txt  |2 rdacontent 
337 |a bez média  |b n  |2 rdamedia 
338 |a online zdroj  |b cr  |2 rdacarrier 
520 2 |a Povídky malostranské – pokračování přinášejí novou sbírku současných příběhů zasazených do živého prostředí Malé Strany. V atmosféře starých domů, úzkých uliček a tichých dvorků se odehrávají lidské osudy, které jsou stejně křehké, silné i nečekané jako samotné město. Autor Pavel Kostka – PPKPP navazuje na ducha klasické pražské prózy, ale vypráví zcela nové příběhy dnešních lidí. Setkáte se s obyvateli domů, kteří se potkávají náhodou i osudem, s řemeslníky, učiteli, dětmi, starousedlíky i nově příchozími. Každý z nich nese svůj vlastní příběh, ale všechny spojuje jedno: Malá Strana jako místo, kde se minulost dotýká přítomnosti a kde i malé události dokážou změnit život. Sbírka nabízí mozaiku lidských charakterů, vztahů, radostí i starostí. Je to kniha o sousedství, o tichých gestech, o síle komunity a o tom, že i v rychlé době má smysl zastavit se a naslouchat příběhům kolem nás. Současná literární fikce s duší staré Prahy. 
910 |a RBIT002 
998 |d 427505  |a https://core.palmknihy.cz/api/books/427505/cover?tftauw  |b https://core.palmknihy.cz/api/books/427505/cover/400?tftauw  |c https://core.palmknihy.cz/api/books/427505/cover/50?tftauw  |e   |g 136  |i 9990004275058  |j https://core.palmknihy.cz/api/books/427505/preview.epub  |l   |q 49  |r 1  |s https://www.palmknihy.cz/kniha/427505  |t ebook  |y 2026  |z 1 
999 |d 305190